|
|
|
|
| LEADER |
00000nam2a2200000 4500 |
| 001 |
144259 |
| 005 |
20231031143605.0 |
| 029 |
1 |
0 |
|a RU
|b 005-93
|c ОК
|
| 035 |
|
|
|a (RuTPU)RU\TPU\book\156344
|
| 035 |
|
|
|a RU\TPU\book\156342
|
| 090 |
|
|
|a 144259
|
| 100 |
|
|
|a 20081001d2000 k a0rusy50 ca
|
| 101 |
0 |
|
|a rus
|
| 102 |
|
|
|a RU
|
| 105 |
|
|
|a y l 000zy
|
| 200 |
0 |
|
|a Т. 3 : Классы 83-98
|
| 210 |
|
|
|a Москва
|c Изд-во стандартов
|d 2000
|
| 215 |
|
|
|a 467 с.
|
| 229 |
|
|
|a Введен в действие Постановлением Госстандарта России от 30 декабря 1993 г. № 301 с 1 июля 1994 г. на территории Российской Федерации взамен Общесоюзного классификатора промышленной и сельскохозяйственной продукции
|
| 461 |
|
1 |
|0 (RuTPU)RU\TPU\book\156339
|t Общероссийский классификатор продукции. ОК 005-93
|f Госстандарт России
|v Т. 3: Классы 83-98
|e официальное изд.
|d 2000
|
| 610 |
1 |
|
|a классификаторы
|
| 610 |
1 |
|
|a коды
|
| 610 |
1 |
|
|a кодирование
|
| 610 |
1 |
|
|a продукция
|
| 675 |
|
|
|a 658(083)
|v 3
|
| 801 |
|
1 |
|a RU
|b 63413507
|c 20080918
|g PSBO
|
| 801 |
|
2 |
|a RU
|b 63413507
|c 20221207
|g PSBO
|
| 942 |
|
|
|c BK
|